Teo vestito di rosa /

Guardat en:
Dades bibliogràfiques
Autor principal: Fine, Anne (Autor)
Altres autors: Orecchia, Giulia, Rotondo, Marina
Format: Llibre
Idioma:italià
Publicat: Casale Monferrato : Piemme junior, 1997
Col·lecció:Il battello a vapore. Serie azzurra. Serie oro ; 3
Etiquetes: Afegir etiqueta
Sense etiquetes, Sigues el primer a etiquetar aquest registre!

MARC

LEADER 00000nam a22000007i 4500
001 IT\ICCU\VIA\0064589
003 ItRI
005 20260115231907.0
008 971121s1997 it |||||| ||||| |||||c
015 |2 IT  |a 97-1268R 
020 |a 8838475032 
040 |b ita  |c importazione bologna sebina 
041 7 |a ita  |2 ISO-639-2 
082 |a 823.914R  |9 NARRATIVA INGLESE. 1945-. Per ragazzi  |2 20 
100 1 |a Fine, Anne  |0 IT\ICCU\RAVV\086292  |4 aut 
240 1 0 |a Bill's New Frock  |3 IT\ICCU\UM1\0146146  |9 Fine, Anne 
245 1 0 |a Teo vestito di rosa /  |c Anne Fine ; illustrazioni di Giulia Orecchia ; traduzione di Marina Rotondo. 
260 |a Casale Monferrato :  |b Piemme junior,  |c 1997 
300 |a 101 p. :  |b ill. ;  |c 21 cm 
500 |a Front. su 2 pagine. 
700 1 |a Orecchia, Giulia  |0 IT\ICCU\RAVV\003621 
700 1 |a Rotondo, Marina  |0 IT\ICCU\VIAV\099190 
790 1 |a Fine, Anna  |3 IT\ICCU\CFIV\155748  |z Fine, Anne 
830 3 |a Il battello a vapore. Serie azzurra. Serie oro ;  |v 3  |0 IT\ICCU\RAV\0284764 
942 |2 ddc  |c BK  |n 0 
952 |0 0  |1 0  |4 0  |6 R_823_914000000000000_FIN  |7 0  |9 15667  |a BO  |b BO  |d 2026-01-15  |i 13404  |l 0  |o R 823.914 FIN  |p BO13404  |r 2026-01-15 23:19:07  |w 2026-01-15  |x [Sebina 5] [1 v.]  |y BK  |z 1 v. 
999 |c 13477  |d 13477